000 00399nam a22001697a 4500
005 20180727124957.0
008 160623b xxu||||| |||| 00| 0 eng d
020 _a81-203-2706-3
041 _aeng
082 _b9091
_a658.3
100 _aRobbins, Stephan P
_94642
245 _aOrganizational Behaviour
260 _bPHI
_anew delhi
300 _a283p,
650 _aManagement
_9241
942 _cBK
999 _c3660
_d3659